| 000 | 006160000a22001810004500 | ||
|---|---|---|---|
| 003 | MACL | ||
| 005 | 20160401113732.0 | ||
| 008 | 160401b xxu||||| |||| 00| 0 eng d | ||
| 040 |
_aMACL _cMACL |
||
| 041 | _aHindi | ||
| 082 | _a330 | ||
| 100 |
_aसिंह विनय कुमार _949511 |
||
| 245 | _aप्राचीन भारत में व्यावसायिक समाज और आर्थिक विकास | ||
| 260 |
_bकिलासो बुक्स _c2004 _aनई दिल्ली |
||
| 350 | _a450 | ||
| 650 |
_aEconomics _949512 |
||
| 942 |
_cHIN _k330 _2ddc |
||
| 999 |
_c17990 _d17990 |
||